แสดงรายละเอียดบรรณานุกรม
  กลับหน้าหลัก

Brief Record : Get Marc (ISO 2709) : E-mail record : QR code ปิดหน้าต่าง
E-books : เกี่ยวกับ Collections
LEADER 00000nam 2200000uu 4500
001    206539
003     ULIBM
008    110922s2554||||th 000 0 tha d
040    ^aBcnkk.
041 0  ^aTha
060  0 PL 4221 ป349 2554.
100 0  ^aประมวล พิมพ์เสน.
245 00 ^aภาษาและวรรณกรรมท้องถิ่นอีสาน./^bเรียบเรียงโดยประมวล พิมพ์เสน.
246 0  ^aบอกลูกหลาน 9.
250    ^aพิมพ์ครั้งที่ 3.
260    ^aขอนแก่น : ^bโรงพิมพ์คลังนานาวิทยา,^c2554.
300    ^aจำนวน 192 หน้า ;^bภาพประกอบ.
650  0 ^aความเป็นอยู่และประเพณี - - ^zไทย - - ^zขอนแก่น.
650  0 ^aวรรณกรรมพื้นบ้าน - - ^zไทย(ภาคตะวันออกเฉียงเหนือ).
650  0 ^aวรรณกรรมไทย(ภาคตะวันออกเฉียงเหนือ).
710 1  ^aขอนแก่น.ศูนย์การถ่ายทอดภูมิปัญญาไทยภาคตะวันออกเฉียงเหนือ.
999    ^aใช้งานได้ทุกระบบ
รายการนี้ยังไม่มีแท็ก
คุณยังไม่ได้ล็อกอิน คุณสามารถมีกิจกรรมร่วมกับเว็บไซต์ได้ แต่ต้องล็อกอินก่อน ::
  ล็อกอิน
ลำดับที่ ประเภท เลขเรียก สถานที่ สถานะ
1. หนังสือทั่วไป
หนังสือทั่วไป
สถานะ=หนังสือเก่า - บริการ ณ ห้องสมุด (ห้องเหลือง)
PL 4221 ป349 2554  
  
หนังสือทั่วไป On Shelf
  ขอยืม
2. หนังสือทั่วไป
หนังสือทั่วไป
สถานะ=หนังสือเก่า - บริการ ณ ห้องสมุด (ห้องเหลือง)
PL 4221 ป349 2554 ฉ.2 
  
หนังสือทั่วไป On Shelf
  ขอยืม
   [แสดง 2/2 รายการ]

รายการใกล้เคียง
    ผู้แต่ง [ประมวล พิมพ์เสน.]

    หัวเรื่อง [วรรณกรรมไทย(ภาคตะวันออกเฉียงเหนือ).]

BibComment


ยังไม่เคยถูกคอมเมนท์

คอมเมนท์ทรัพยากรรายการนี้
  คอมเมนท์: ภาษาและวรรณกรรมท..
Bib 206539

 
 
 

 Union Library Management : ULibM
Copyright 2026. All Rights Reserved.
скачать бесплатно без регистрации порно красивый секс HD Sex Hindi sex

xxx gou

xxxx

bfxxx

xxxwww

Секса Видео

xxxx

Секса Видео

detube

geilexxx

C99 Shell

worms shell

blod xxx video
Ebony Coed Rihanna Rimes Takes A Dick In Her Young Twat priyaa indian fuck anal and pusssy hardcore indian women xxx desi hardcore fucking part 1 bengalixxxcouple